000 00626nam a2200157 i 4500
001 160328
003 ES-MaACL
005 20230906212012.0
008 950324s1878 sp o |||| | spa d
040 _aEUS
_bspa
_cEUS
100 1 _aMullé de la Cerda, Gerardo.
_9130280
245 1 0 _aReseña histórica del último Cónclave y biografía de N. S. P. León XIII /
_cpor Gerardo Mullé de la Cerda.
260 _aMadrid :
_b[s.n.],
_c1878 (
_fImprenta y Fundición de M. Tello)
300 _a170 p., [2] h. ;
_c16 cm.
852 _aES-MaACL
_jT-588-F-3
_z-- Enc. hol., conservando la cub. original
_z-- Enc. en un vol. facticio
999 _c160328
_d160328